Guess the Harry Potter Movies by Scene #3 - Statistics

General Stats
  • This quiz has been taken 141 times
  • The average score is 18 of 20
Answer Stats
Picture Answer % Correct
Goblet of Fire
100%
Half-Blood Prince
100%
Deathly Hallows – Part 2
96%
Philosopher's Stone
96%
Prisoner of Azkaban
96%
Order of the Phoenix
94%
Prisoner of Azkaban
94%
Goblet of Fire
91%
Goblet of Fire
91%
Deathly Hallows – Part 1
89%
Deathly Hallows – Part 2
89%
Half-Blood Prince
89%
Half-Blood Prince
89%
Prisoner of Azkaban
89%
Deathly Hallows – Part 1
87%
Deathly Hallows – Part 2
87%
Deathly Hallows – Part 2
87%
Half-Blood Prince
87%
Order of the Phoenix
87%
Chamber of Secrets
83%
No matching quizzes found
Score Distribution
Percent of People with Each Score
Percentile by Number Answered
Your Score History
You have not taken this quiz